Kody lotnisk w USA - Statystyki

Ogólne statystyki
  • Ten quiz został rozwiązany 7 razy
  • Średni wynik to 10 z 45
Statystyki odpowiedzi
Kod IATA Miasto % Poprawnych
ATL Atlanta
100%
BOS Boston
100%
AUS Austin
80%
DEN Denver
80%
SEA Seattle
80%
BUF Buffalo
60%
ANC Anchorage
40%
IND Indianapolis
40%
MIA Miami
40%
OMA Omaha
40%
PIT Pittsburgh
40%
ALB Albany
20%
AMA Amarillo
20%
BIS Bismarck
20%
BOI Boise
20%
CLE Cleveland
20%
EUG Eugene
20%
FAR Fargo
20%
LAS Las Vegas
20%
MEM Memphis
20%
OAK Oakland
20%
SAN San Diego
20%
SAV Savannah
20%
SYR Syracuse
20%
AUG Augusta
0%
BIL Billings
0%
BUR Burbank
0%
CHA Chattanooga
0%
DAY Dayton
0%
ELP El Paso
0%
ERI Erie
0%
FAI Fairbanks
0%
FAY Fayetteville
0%
JAC Jackson Hole
0%
LEX Lexington
0%
LIT Little Rock
0%
MOB Mobile
0%
MYR Myrtle Beach
0%
RAP Rapid City
0%
RIC Richmond
0%
ROA Roanoke
0%
ROC Rochester
0%
STL St. Louis
0%
TOL Toledo
0%
TUL Tulsa
0%
Nie znaleziono quizów pasujących do podanych kryteriów
Rozkład punktacji
Procent ludzi z każdym wynikiem
Percentyl według liczby udzielonych odpowiedzi
Twoja historia wyników
Nie rozwiązałeś tego quizu